| 000 | 00940nam a22002417a 4500 | ||
|---|---|---|---|
| 003 | Uzh_bibl | ||
| 008 | 260416b |||||||| |||| 00| 0 ukr d | ||
| 020 |
_a 966-7575-19-5 _c1.50 |
||
| 040 | _bукр. | ||
| 041 |
_2ukr _aukr |
||
| 080 | _a94(477) | ||
| 090 |
_a94(477) _bС 47 |
||
| 100 | _aСліпушко,Оксана | ||
| 245 |
_aВіктор Ющенко: банкір і політик _hТекст |
||
| 260 |
_aКиїв _bКриниця _c2000 |
||
| 300 |
_a144 с. _bіл. |
||
| 490 | _aСерія"Україна: новий суспільний проект." | ||
| 520 | _a Аналіз професіоналізму, громадянської позиції та політики Віктора Ющенка на етапі його прем'єрства. | ||
| 521 | _aДля широкого кола читачів | ||
| 546 | _aукр. | ||
| 650 | _aПопулярна література | ||
| 942 |
_2udc _cBK |
||
| 999 |
_c17349 _d17349 |
||